000
00251nam a2200097Ia 4500
008
230915s9999 xx 000 0 und d
050
_a
SB106 .R43 2007
100
_a
NAZEEN P. A.
245
0
_a
RECENT TRENDS IN HORTICULTURAL BIOTECHNOLOGY
942
_c
BK
999
_c
201674
_d
201674